Most Anti-Semitic Countries - Statistics

General Stats
  • This quiz has been taken 110 times
  • The average score is 8 of 12
Answer Stats
Answer % Correct
Iraq
83%
Yemen
68%
Jordan
67%
Libya
66%
Qatar
66%
Algeria
65%
Palestine
62%
United Arab Emirates
59%
Morocco
58%
Kuwait
57%
Tunisia
57%
Bahrain
52%
No matching quizzes found
Score Distribution
Percent of People with Each Score
Percentile by Number Answered
Your Score History
You have not taken this quiz